Métodos fitotécnicos; procedimientos científicos para mejorar las plantas cultivadas /

Guardado en:
Autor Principal: Hayes, Herbert Kendall
Formato: Libro
Publicado: Buenos Aires : Acme, 1947
Edición:2a. ed.
Materias:
Etiquetas: Agregar Etiqueta
Sin Etiquetas, Sea el primero en etiquetar este registro!
LEADER 00953nam a22002295a 4500
001 CEM.cems015918
008 130507s1947##################000#0#####d
005 20210826181741.0
003 CEMS
245 1 0 |a Métodos fitotécnicos; procedimientos científicos para mejorar las plantas cultivadas /  |c Herbert Kendall Hayes y Forrest Rhinehart Immer ; traducido Por Antonio E. Marino ; prólogo de Salomón Horovitz 
250 |a 2a. ed. 
260 |a Buenos Aires :  |b Acme,  |c 1947 
300 |a 521 p. 
505 0 |a Fitopatología general.-Bacterias.-Hongos.-Virus.-Faner¢gamas par sitas. -Enfermedades fisiogénicas de los vegetales.-Fungicidas.-Legislación sanitaria agr¡cola 
100 1 |a Hayes, Herbert Kendall 
082 0 4 |a 581.15 
653 |a Avena-herencia 
653 |a Autofecundacion 
653 |a Cereales-hibridacion 
653 |a Cebada-herencia 
653 |a Cereales-genetica 
859 |a CEMS  |b BIB. CEMS - Agricultura  |h 581.15  |i H327a2  |p A13748.85  |t Ej.14